UBT Library

Principles of economics / (Record no. 39595)

000 -LEADER
fixed length control field 00758cam a2200241 i 4500
001 - CONTROL NUMBER
control field 3717654
005 - DATE AND TIME OF LATEST TRANSACTION
control field 20180103033953.0
008 - FIXED-LENGTH DATA ELEMENTS--GENERAL INFORMATION
fixed length control field 801001t19811976nyu b 001 0 eng
010 ## - LIBRARY OF CONGRESS CONTROL NUMBER
LC control number 80024890
020 ## - INTERNATIONAL STANDARD BOOK NUMBER
International Standard Book Number 0814753809 :
Terms of availability $20.00
020 ## - INTERNATIONAL STANDARD BOOK NUMBER
International Standard Book Number 0814753817 (pbk.) :
Terms of availability $7.00
040 ## - CATALOGING SOURCE
Original cataloging agency DLC
Transcribing agency DLC
Modifying agency DLC
041 1# - LANGUAGE CODE
Language code of text/sound track or separate title engger
080 ## - UNIVERSAL DECIMAL CLASSIFICATION NUMBER
Universal Decimal Classification number 330
082 00 - DEWEY DECIMAL CLASSIFICATION NUMBER
Classification number 330 MEN
Edition number 19
100 1# - Rafti
Rafti 19
101 ## - Shkurtesa
Shkurtesa POL
240 10 - UNIFORM TITLE
Uniform title <a href="Grundsätze der Volkswirthschaftslehre.">Grundsätze der Volkswirthschaftslehre.</a>
Language of a work English
245 10 - TITLE STATEMENT
Title Principles of economics /
Statement of responsibility, etc by Carl Menger ; translated by James Dingwall and Bert F. Hoselitz ; with an introd. by F.A. Hayek.
504 ## - BIBLIOGRAPHY, ETC. NOTE
Bibliography, etc Includes bibliographical references and index.
906 ## - LOCAL DATA ELEMENT F, LDF (RLIN)
a 7
b cbc
c orignew
d u
e ocip
f 19
g y-gencatlg
942 ## - ADDED ENTRY ELEMENTS (KOHA)
Source of classification or shelving scheme
Item type Books
Holdings
Withdrawn status Lost status Source of classification or shelving scheme Damaged status Not for loan Collection code Permanent location Current location Shelving location Date acquired Total Checkouts Full call number Barcode Date last seen Price effective from Koha item type
          Koleksioni i përgjithshem UBT - Lipjan UBT - Lipjan Koleksioni i përgjithshem 01/03/2018   330 MEN 002-2994215 01/03/2018 01/03/2018 Books
UBT Library © 2015-2024. All rights reserved University Education for Business and Technology